Statistics for Most viewed Musicians on Youtube including features

Click here to take the quiz!

General Stats

  • This quiz has been taken 49 times
  • The average score is 7 of 20

Answer Stats

ViewsArtist% Correct
17,256 MTaylor Swift
76%
27,224 MJustin Bieber
70%
18,968 MKaty Perry
65%
18,639 MEd Sheeran
54%
15,942 MEminem
54%
15,236 MAriana Grande
49%
22,506 MRihanna
49%
14,519 MDrake
46%
21,469 MNicki Minaj
41%
16,993 MBruno Mars
22%
24,287 MDaddy Yankee
22%
22,196 MJ Balvin
22%
21,890 MMaluma
22%
18,647 MShakira
22%
22,301 MBad Bunny
19%
14,385 MEnrique Iglesias
16%
29,191 MOzuna
16%
14,279 MMaroon 5
14%
19,130 MNicky Jam
11%
15,912 MChris Brown
0%

Score Distribution

Percentile by Number Answered

Percent of People with Each Score

Your Score History

You have not taken this quiz